000 00973nam a2200301 i 4500
001 768714001
003 CO-MdFUSB
005 20230510125411.0
007 ta
008 211006t1992 ck aco|| |||| 00| 0 spa d
020 _a[No incluye ISBN]
040 _aCO-MdFUSB
_bspa
_cCO-MdFUSB
_dCO-MdFUSBC
_erda
041 _aspa
082 _223
_a225.5619
_bD594
110 _aSociedad Bíblica Internacional
245 1 _aDios cu caquetibuju curica tuti :
_bel Nuevo Testamento en carapana
_c/ Sociedad Bíblica Internacional
264 0 _aColombia :
_bSociedad Bíblica Internacional,
_c1992
300 _a835 páginas
_c; 22 cm
336 _2rdacontent
_atexto
_btxt
337 _2rdamedia
_asin mediación
_bn
338 _2rdacarrier
_avolumen
_bnc
505 _aNuevo Testamento en Caparana - Pueblo del Vaupés
563 _aTapa dura
630 0 _aBiblia.
_pNuevo Testamento
_zColombia
942 _cBK
945 _aJTF-925
999 _c66929
_d66929